| 000 | 01019 a2200265 4500 | ||
|---|---|---|---|
| 003 | OSt | ||
| 005 | 20180116192332.0 | ||
| 008 | 120209t xxu||||| |||| 00| 0 eng d | ||
| 010 | _a 99089286 | ||
| 020 | _a0816636532 (hc. : acid-free paper) | ||
| 020 | _a0816636540 (pbk.) | ||
| 040 | _c0 | ||
| 082 | 0 | 0 | _a720.1 |
| 100 | 1 | _aFisher, Thomas, | |
| 245 | 1 | 0 |
_aIn the scheme of things : _balternative thinking on the practice of architecture / _cThomas R. Fisher. |
| 260 |
_aMinneapolis : _bUniversity of Minnesota Press, _cc2000. |
||
| 300 |
_axi, 155 p. ; _c21 cm. |
||
| 500 | _a"The chapters in this book all began as lectures or unpublished journal articles"--P. xi. | ||
| 500 | _aIncludes index. | ||
| 650 | 0 |
_aArchitecture _xPhilosophy. |
|
| 650 | 0 |
_aArchitecture and society _xHistory _y20th century. |
|
| 856 | 4 | 2 |
_3Publisher description _uhttp://www.loc.gov/catdir/enhancements/fy0666/99089286-d.html |
| 942 |
_aSADA _cBK _k720.1 FIS 2000 _2ddc |
||
| 999 |
_c352335 _d352335 |
||